000 00819nam a22002177a 4500
999 _c20797
_d20797
003 AR-CdUCM
008 190605b ||||| |||| 00| 0 spa d
040 _aMUNICIPALIDAD PROVINCIAL DEL CUSCO
_cBIBLIOTECA MUNICIPAL DEL CUSCO
082 _a985.07 /
_bD31
100 _aDávalos y Lissón, Pedro
_927440
245 _aLeguía :
_b1875-1899 : contribución al estudio de la historia contemporánea de la América /
260 _aBarcelona :
_bMontaner y Simón,
_c1928.
300 _a238 páginas ;
_c25 cm.
500 _a[libro reempastado]
505 _aContenido: Periodo pre-guerra en sus últimos días -- La guerra -- Andres A. Cáceres...
650 _aA. B. Leguida
_943436
650 _aHistoria contemporanea
_91591
700 _aCourret, E. (fotografía)
_943437
942 _2ddc
_cLIBROS
945 _aAndy